书目信息 |
| 题名: |
走进深海大洋
|
|
| 作者: | 孙松 主编 | |
| 分册: | ||
| 出版信息: | 杭州 浙江教育出版社 2018.05 |
|
| 页数: | 161页 | |
| 开本: | 23cm | |
| 丛书名: | 科学文化工程公民科学素养系列 | |
| 单 册: | ||
| 中图分类: | U674.81 | |
| 科图分类: | ||
| 主题词: | 海洋调查船--介绍--中国 | |
| 电子资源: | ||
| ISBN: | 978-7-5536-7307-3 | |
| 000 | 01308oam2 2200289 450 | |
| 001 | 3716 | |
| 005 | 20181009100429.53 | |
| 010 | @a978-7-5536-7307-3@dCNY38.00 | |
| 100 | @a20180714d2018 em y0chiy50 ea | |
| 101 | 0 | @achi |
| 102 | @aCN@b330000 | |
| 105 | @aa z 000yy | |
| 200 | 1 | @a走进深海大洋@9zou jin shen hai da yang@e“科学”号海洋科学综合考察船@dHead to the deep sea@emultipurpose oceanographic research vessel "Kexue"@f孙松主编@zeng |
| 205 | @a2版 | |
| 210 | @a杭州@c浙江教育出版社@d2018.05 | |
| 215 | @a161页@c彩图,彩照@d23cm | |
| 225 | 1 | @a科学文化工程公民科学素养系列 |
| 300 | @a国家出版基金项目 中国大科学装置出版工程 | |
| 330 | @a本书介绍我国大科学装置——“科学”号海洋综合科考船的工作原理、主要用途、主要成果、国际比较、研究方向及其发展前景等内容,力图把科考船的知识普及清楚。相关的技术和概念贯穿其中,着重于发散思维,培养兴趣。配有大量精美的照片、图片和相关视频。 | |
| 461 | 0 | @12001 @a科学文化工程公民科学素养系列 |
| 510 | 1 | @aHead to the deep sea@emultipurpose oceanographic research vessel "Kexue"@zeng |
| 517 | 1 | @a“科学”号海洋科学综合考察船@9“ ke xue ” hao hai yang ke xue zong he kao cha chuan |
| 606 | 0 | @a海洋调查船@x介绍@y中国 |
| 690 | @aU674.81@v5 | |
| 701 | 0 | @a孙松@9sun song@4主编 |
| 801 | 0 | @aCN@b91MARC@c20180714 |
| 905 | @aMuseLib@dU674.81@e739=2 | |
| 走进深海大洋:“科学”号海洋科学综合考察船=Head to the deep sea:multipurpose oceanographic research vessel "Kexue"/孙松主编.-2版.-杭州:浙江教育出版社,2018.05 |
| 161页:彩图,彩照;23cm.-(科学文化工程公民科学素养系列) |
| 国家出版基金项目 中国大科学装置出版工程 |
| ISBN 978-7-5536-7307-3:CNY38.00 |
| 本书介绍我国大科学装置——“科学”号海洋综合科考船的工作原理、主要用途、主要成果、国际比较、研究方向及其发展前景等内容,力图把科考船的知识普及清楚。相关的技术和概念贯穿其中,着重于发散思维,培养兴趣。配有大量精美的照片、图片和相关视频。 |
| ● |
| 相关链接 |
|
|
|
|
正题名:走进深海大洋
索取号:U674.81/739=2
 
预约/预借
| 序号 | 登录号 | 条形码 | 馆藏地/架位号 | 状态 | 备注 |
| 1 | 1123372 | 211233725 | 第二样本阅览室/ [索取号:U674.81/739=2] | 在馆 | |
| 2 | 1123373 | 211233734 | 密集书库-资源管理系/ [索取号:U674.81/739=2] | 在馆 | |
| 3 | 1123374 | 211233743 | 第三借阅区/ [索取号:U674.81/739=2] | 在馆 | |
| 4 | 1123375 | 211233752 | 第三借阅区/ [索取号:U674.81/739=2] | 在馆 | |
| 5 | 1123376 | 211233761 | 第三借阅区/ [索取号:U674.81/739=2] | 在馆 |